Cuentos de barro

Sábháilte in:
Sonraí bibleagrafaíochta
Príomhchruthaitheoir: Salarrué
Formáid: LEABHAR
Teanga:Undetermined
Foilsithe / Cruthaithe: San José, Costa Rica EDUCA 1974
Eagrán:2
Ábhair:
Clibeanna: Cuir clib leis
Níl clibeanna ann, Bí ar an gcéad duine le clib a chur leis an taifead seo!

MARC

LEADER 00000nam a2200000Ia 4500
008 170316s9999 xx 000 0 und d
040 |a cru BVZT 
090 |a 860 S-2c 
100 |a Salarrué 
245 |a Cuentos de barro 
250 |a 2 
260 |a San José, Costa Rica 
260 |b EDUCA 
260 |c 1974 
300 |a 169 páginas 
650 |a LITERATURA LATINOAMERICANA 
999 |c 9233  |d 9233 
942 |c 15 D  |h 860 S-2c  |2 z